| 000 | 00476nam a2200193Ia 4500 | ||
|---|---|---|---|
| 001 | 10908 | ||
| 003 | IN-NITTTR | ||
| 005 | 20251114233102.0 | ||
| 008 | 251113s9999||||xx |||||||||||||| ||eng|| | ||
| 040 | _beng | ||
| 040 | _cIN-NITTTR | ||
| 041 | _aeng | ||
| 082 | _a651.75 H881M | ||
| 100 | _aFry, Roland | ||
| 245 | 0 |
_aManual of commercial correspondence / _cFry, Roland, Hume, G., Bayley, J. E. |
|
| 700 | _a Bayley, J. E. | ||
| 700 | _a Hume, G. | ||
| 942 |
_2ddc _cBK |
||
| 999 |
_c13544 _d13544 |
||